Eurovision 2014 Match-Up Quiz Stats

Quiz not verified by Sporcle

Challenge
Share
Tweet
Score 0/37 Timer 15:00
0 Plays Today
% Correct
Austria
98.8%
France
96.3%
United Kingdom
95.9%
Spain
95%
The Netherlands
94.6%
Belarus
94.6%
Sweden
94.2%
Armenia
93.8%
Russia
93.8%
Greece
93.8%
Denmark
93.8%
Hungary
93.4%
Poland
93.4%
Switzerland
92.9%
Romania
92.5%
Germany
92.5%
Iceland
92.1%
San Marino
92.1%
Ukraine
91.3%
% Correct
Norway
90.9%
Montenegro
90.5%
Belgium
89.6%
Italy
88.4%
Portugal
86.7%
Finland
86.3%
Malta
85.9%
Ireland
84.6%
Israel
83%
Azerbaijan
82.2%
Georgia
81.3%
Latvia
80.5%
Estonia
79.7%
Slovenia
78.4%
Lithuania
75.5%
Moldova
71.8%
F.Y.R. Macedonia
71.4%
Albania
70.1%

You're not logged in!

Compare scores with friends on all Sporcle quizzes.
Sign Up with Email
OR
Log In

You Might Also Like...

Show Comments

Extras

Top Quizzes Today


Score Distribution

Your Account Isn't Verified!

In order to create a playlist on Sporcle, you need to verify the email address you used during registration. Go to your Sporcle Settings to finish the process.